000 00488nam a22001337a 4500
008 131216b xxu||||| |||| 00| 0 eng d
020 _a0007219385
100 _aLamb, Christina
_95797
245 _aHouse of stone
_bThe true story of a family divided in war-torn Zimbabwe
260 _aLondon
_bHarperPress
_c2000
300 _axiii; 290p.
_c22cm
650 _aHough, Nigel; Aqui; Land tenure - Zimbabwe - Case studies; Zimbabwe - Social conditions - 1960-
_95798
942 _2lcc
_cMONOGRAPH
999 _c119291
_d119291